1663 1301 1856 1471 1815 1979 1522 1231 1991 1352 1904 1570 1007 1961 1658 1621 1265 1856 1728 1342 1996 1668 1583 1091 1115 1110 1271 1807 1221 1100 1630 1200 1644 1016 1382 1916 1680 1896 1482 1836 1431 1618 1628 1982 1192 1728 1804 1717 1984 1821 1091 1743 1319 1034 1626 1399 1816 1759 1441 1292 1823 1456 1948 1074 1906 1295 1630 1769 1677 1751 1673 1358 1167 1932 1858 1242 1243 1307 1871 1121 1275 1774 1455 1855 1345 1434 1756 1506 1910 1531 1663 1448 1471 1097 1136 1117 1635 1317 1434 BCNSPRNW ULIB Ver.6.0+V

เปลี่ยนเป็นภาษาไทย

Change to English
 แสดงรายละเอียดบรรณานุกรม
  กลับหน้าหลัก

Brief Record : Get Marc (ISO 2709) : E-mail record : QR code < ปิดหน้าต่าง
LEADER : 00000nam 2200000uu 4500
001    13399113672
003     ULIB
008    111214s2543||||th 000 0 tha d
060  4 ^aWA105^bว255อ 2543
100 0  ^aวรรณภา ประทุมโทน
245 00 ^aเอกสารวิชาการ ตำราเรื่อง การเฝ้าระวังทางระบาดวิทยา : โรคไข้เลือดออก/^cวรรณภา ประทุมโทน
260    ^aพิษณุโลก:^bวิทยาลัยพยาบาลบรมราชชนนี พุทธชินราช,^c2543
300    ^a93 หน้า
650  7 ^aระบาดวิทยา
650  7 ^aไข้เลือดออก
710 2  ^aกระทรวงสาธารณสุข.^bสถาบันพระบรมราชนก.^bวิทยาลัยพยาบาลบรมราชชนนี พุทธชินราช.
945    ^p0^l0^i11130
995    ^aกัณชพร
999 ^a ใช้งานได้ทุกระบบ
รายการนี้ยังไม่มีแท็ก
คุณยังไม่ได้ล็อกอิน คุณสามารถมีกิจกรรมร่วมกับเว็บไซต์ได้ แต่ต้องล็อกอินก่อน ::
  ล็อกอิน

รายการสื่อสารสนเทศ

ลำดับที่ ประเภท เลขเรียก/บาร์โค้ด สถานที่ สถานะ
- ไม่พบข้อมูล -

รายการใกล้เคียง
    หัวเรื่อง [ระบาดวิทยา]
    หัวเรื่อง [ไข้เลือดออก]

BibComment


ยังไม่เคยถูกคอมเมนท์

คอมเมนท์ทรัพยากรรายการนี้
  คอมเมนท์: เอกสารวิชาการ ตำ..


 Copyright 2026. Bcnsprnw @Library